Descriptio Imperii moslemici / (Record no. 151398)
[ view plain ]
| 000 -LEADER | |
|---|---|
| campo de control de longitud fija | 01114nam a22002775i 4500 |
| 001 - NÚMERO DE CONTROL | |
| campo de control | 151398 |
| 003 - IDENTIFICADOR DE NÚMERO DE CONTROL | |
| campo de control | ES-MaACL |
| 005 - FECHA Y HORA DE LA ÚLTIMA TRANSACCIÓN | |
| campo de control | 20250814064810.0 |
| 008 - DATOS DE LONGITUD FIJA--INFORMACIÓN GENERAL | |
| campo de control de longitud fija | 040927s1877 ne |||| | lat d |
| 040 ## - FUENTE DE CATALOGACIÓN | |
| Centro catalogador/agencia de origen | CAM |
| Lengua de catalogación | spa |
| Centro/agencia transcriptor | CAM |
| 080 ## - NÚMERO DE LA CLASIFICACIÓN DECIMAL UNIVERSAL | |
| Número de la Clasificación Decimal Universal | 915.694"09" |
| 100 1# - ENTRADA PRINCIPAL--NOMBRE DE PERSONA | |
| Nombre de persona | Al-Muqaddasi, Muhammad b. Ahmad. |
| 9 (RLIN) | 147599 |
| 245 10 - MENCIÓN DEL TÍTULO | |
| Título | Descriptio Imperii moslemici / |
| Mención de responsabilidad, etc. | auctore Schamso'd-dîn Ab^Abdollâh Mohammed ibn Ahmed Ibn avî Bekr al-Bannâ al-Basschârî Al-Mokaddasi ; edidit M.J. de Goeje. |
| 260 ## - PUBLICACIÓN, DISTRIBUCIÓN, ETC. | |
| Lugar de publicación, distribución, etc. | Lugduni Batavorum, |
| Fecha de publicación, distribución, etc. | apud E.J. Brill |
| -- | 1877. |
| 300 ## - DESCRIPCIÓN FÍSICA | |
| Extensión | VII, [500] p. ; |
| Dimensiones | 24 cm. |
| 490 1# - MENCIÓN DE SERIE | |
| Mención de serie | Bibliotheca geographorum arabicorum ; |
| Designación de volumen o secuencia | 3 |
| 500 ## - NOTA GENERAL | |
| Nota general | Texto en árabe con notas en latín. |
| 597 ## - NOTA DE DESCRIPCIÓN FÍSICA | |
| NOTA DE DESCRIPCIÓN FÍSICA | Port. y prelim. en latín y texto en árabe. |
| 650 #7 - PUNTO DE ACCESO ADICIONAL DE MATERIA--TÉRMINO DE MATERIA | |
| Término de materia o nombre geográfico como elemento de entrada | Geografía árabe |
| Fuente del encabezamiento o término | embne |
| 9 (RLIN) | 136179 |
| 651 #4 - PUNTO DE ACCESO ADICIONAL DE MATERIA--NOMBRE GEOGRÁFICO | |
| Nombre geográfico | Imperio islámico- |
| Subdivisión general | Descripción. |
| 9 (RLIN) | 147600 |
| 700 1# - ENTRADA AGREGADA--NOMBRE PERSONAL | |
| Nombre de persona | Goeje, M. J. de ( |
| Fechas asociadas al nombre | 1836-1909) |
| 9 (RLIN) | 127350 |
| 740 0# - ENTRADA AGREGADA--TÍTULO RELACIONADO/ANALÍTICO NO CONTROLADO | |
| Título relacionado o analítico no controlado | Ahsan al-taqasim fi ma`rifat al-aqalim. |
| 830 0# - PUNTO DE ACCESO ADICIONAL DE SERIE-TÍTULO UNIFORME | |
| Título uniforme | Bibliotheca geographorum arabicorum ; |
| Designación de volumen o secuencia | 3 |
| 9 (RLIN) | 188011 |
| 852 ## - LOCALIZACIÓN | |
| Ubicación | ES-MaACL |
| Número de control de estantería | G-1514 |
| Nota libre | -- Enc. hol. |
| Estatus retirado | Estado de pérdida | Estado de daño | No para préstamo | Colección | Biblioteca de origen | Biblioteca actual | Ubicación en estantería | Fecha de adquisición | Fuente de adquisición | Total de préstamos | Signatura topográfica completa | Código de barras | Visto por última vez | Precio de reemplazo | Tipo de ítem Koha |
|---|---|---|---|---|---|---|---|---|---|---|---|---|---|---|---|
| Libros del s. XIX | Biblioteca del Ateneo de Madrid | Biblioteca del Ateneo de Madrid | Depósito 2 | 17/01/2008 | G-1514 | 1157963 | 23/02/2023 | 23/02/2023 | Libro impreso antiguo |
